[Event "Challenge"]
[Site "http://www.queenalice.com/game.php?id=1352734"]
[Date "2015.4.10"]
[Round "-"]
[White "Oscar1961"]
[Black "mavidart"]
[Result "0-1"]
[WhiteElo "1260"]
[BlackElo "1697"]

1. Nf3 d5 2. h3 d4 3. a3 Nc6 4. e4 e5 5. Bb5 Ne7 6. Bxc6+ Nxc6 7. c4 Bd7 8. O-O
g5 9. d3 g4 10. Bg5 f6 11. Bxf6 Qxf6 12. Nh2 h5 13. f3 g3 14. Ng4 Qh4 15. f4
Bxg4 16. hxg4 Qh2# 0-1

[Event "Challenge"]
[Site "http://www.queenalice.com/game.php?id=1354125"]
[Date "2015.4.18"]
[Round "-"]
[White "Akiba"]
[Black "mavidart"]
[Result "1-0"]
[WhiteElo "1741"]
[BlackElo "1697"]

1. Nf3 d5 2. g3 Bg4 3. Bg2 Bxf3 4. Bxf3 e5 5. d3 d4 6. Bxb7 Nc6 7. Bxc6+ Ke7 8.
Bxa8 Qxa8 9. O-O Ke8 10. e4 Nf6 11. Bg5 Nd7 12. Na3 Qb8 13. Nc4 f6 14. Bd2 g6
15. Qg4 f5 16. exf5 Nf6 17. Qf3 Kf7 18. fxg6+ hxg6 19. Nxe5+ Kg7 20. Qxf6+ Kh7
21. Qxg6# 1-0

[Event "Challenge"]
[Site "http://www.queenalice.com/game.php?id=1354668"]
[Date "2015.4.20"]
[Round "-"]
[White "Oscar1961"]
[Black "mavidart"]
[Result "0-1"]
[WhiteElo "1258"]
[BlackElo "1668"]

1. e4 e5 2. d3 d5 3. f3 d4 4. g4 Qh4+ 5. Ke2 Bxg4 6. fxg4 Qxg4+ 7. Nf3 g6 8. h3
Qh5 9. c3 Bh6 10. Bxh6 Qxh6 11. cxd4 exd4 12. Nxd4 Qh5+ 13. Nf3 Nc6 14. a3 Nd4+
15. Kd2 Qh6+ 16. Kc3 Nb5+ 17. Kc2 O-O-O 18. a4 Nd4+ 19. Nxd4 Rxd4 20. Kc3 c5 21.
h4 Qe3 22. Rh3 Qf4 23. h5 g5 24. h6 g4 25. Rh5 b6 26. a5 Nf6 27. Rf5 Qxh6 28.
axb6 Nxe4+ 29. Kc2 Qxb6 30. Ra3 Rb4 31. dxe4 Rxb2+ 32. Kc1 Rxb1+ 33. Kd2 Rd8+
34. Rd3 Rxd3+ 35. Bxd3 Qb4+ 36. Ke2 Rxd1 37. Kxd1 g3 38. Bf1 Qa4+ 39. Kd2 Qd4+
40. Kc1 Qxe4 41. Rxf7 Qh1 42. Rf8+ Kd7 43. Rg8 g2 44. Rg7+ Ke8 45. Rxh7 Qxf1+
46. Kc2 g1=Q 47. Rxa7 Qg3 48. Rb7 Qff2+ 49. Kc1 Qgg1# 0-1

[Event "Challenge"]
[Site "http://www.queenalice.com/game.php?id=1362301"]
[Date "2015.5.29"]
[Round "-"]
[White "mavidart"]
[Black "Oscar1961"]
[Result "1-0"]
[WhiteElo "1668"]
[BlackElo "1254"]

1. e4 e5 2. b4 Bxb4 3. c3 Bc5 4. d4 exd4 5. cxd4 Bb4+ 6. Bd2 Nc6 7. d5 Bxd2+ 8.
Qxd2 Ne5 9. Qf4 f6 10. Be2 g5 11. Qd2 d6 12. Bh5+ Ke7 13. Nf3 g4 14. Ng5 h6 15.
f4 hxg5 16. fxg5 Rxh5 17. gxf6+ Nxf6 18. O-O 1-0

[Event "Challenge"]
[Site "http://www.queenalice.com/game.php?id=1362305"]
[Date "2015.5.29"]
[Round "-"]
[White "mavidart"]
[Black "Oscar1961"]
[Result "1-0"]
[WhiteElo "1668"]
[BlackElo "1254"]

1. d4 d5 2. Nc3 c6 3. Bf4 e5 4. Bxe5 Bb4 5. Bxg7 f6 6. Bxh8 Bxc3+ 7. bxc3 Nh6 8.
Bg7 Nf5 9. Qd3 Nxg7 10. Qxh7 Qd7 11. Qg8+ Ke7 12. Qxg7+ Ke6 13. Qxd7+ Bxd7 14.
Rb1 f5 15. h4 Kf7 16. Rxb7 a5 17. a4 1-0

[Event "Challenge"]
[Site "http://www.queenalice.com/game.php?id=1398964"]
[Date "2015.12.15"]
[Round "-"]
[White "FartFlinger"]
[Black "mavidart"]
[Result "1-0"]
[WhiteElo "1693"]
[BlackElo "1647"]

1. e4 e5 2. Nc3 b6 3. d4 Nc6 4. dxe5 Nxe5 5. Bf4 Qf6 6. Nd5 Qd6 7. Nf3 f5 8.
Bxe5 Qc6 9. Nxc7+ Kd8 10. Nxa8 Qxa8 11. exf5 Qe4+ 12. Be2 Qxf5 13. O-O Bc5 14.
Bd3 Qe6 15. Bxg7 Nf6 16. Bxh8 Ng4 17. Bd4 Bxd4 18. Nxd4 Qe5 19. Nf3 Qc5 20. h3
Ne3 21. fxe3 Qxe3+ 22. Kh1 d5 23. Bxh7 d4 24. Qxd4+ Qxd4 25. Nxd4 Kc7 26. Nb5+
Kc6 27. Nxa7+ Kb7 28. Nxc8 Kxc8 29. Rf7 Kd8 30. Re1 b5 31. Ra7 b4 32. Bg6 1-0

[Event "Challenge"]
[Site "http://www.queenalice.com/game.php?id=1398965"]
[Date "2015.12.15"]
[Round "-"]
[White "FartFlinger"]
[Black "mavidart"]
[Result "1/2-1/2"]
[WhiteElo "1699"]
[BlackElo "1644"]

1. e4 e5 2. Nc3 b6 3. Nge2 Ba6 4. d3 Bb4 5. Be3 Bxc3+ 6. Nxc3 c5 7. Be2 Qh4 8.
Nd5 Qd8 9. O-O Ne7 10. f4 Nxd5 11. exd5 O-O 12. f5 g5 13. Bf3 h6 14. Be4 d6 15.
f6 Nd7 16. Qh5 Nxf6 17. Qxh6 Nxe4 18. dxe4 Bxf1 19. Bxg5 f6 20. Qg6+ Kh8 21.
Qh6+ Kg8 22. Qg6+ Kh8 23. Qh6+ Kg8 24. Qg6+ Kh8 25. Qh6+ Kg8 26. Qg6+ 1/2-1/2

[Event "Challenge"]
[Site "http://www.queenalice.com/game.php?id=1398966"]
[Date "2015.12.15"]
[Round "-"]
[White "FartFlinger"]
[Black "mavidart"]
[Result "1-0"]
[WhiteElo "1647"]
[BlackElo "1668"]

1. e4 e5 2. Nc3 b6 3. Bc4 h5 4. Nge2 c6 5. d4 b5 6. Bd3 exd4 7. Nxd4 b4 8. Nce2
c5 9. Nf5 g6 10. Ne3 Ba6 11. O-O Qh4 12. Nd5 Bd6 13. Bf4 Bxf4 14. Nexf4 Bxd3 15.
Qxd3 Nf6 16. Nc7+ Kd8 17. Nxa8 Ng4 18. h3 f5 19. Ne6+ Ke7 20. exf5 gxf5 21. Nxc5
f4 22. Rfe1+ Kd8 23. Qd4 Re8 24. Rxe8+ Kxe8 25. Re1+ Kd8 26. Qh8# 1-0

[Event "Challenge"]
[Site "http://www.queenalice.com/game.php?id=1418982"]
[Date "2016.4.19"]
[Round "-"]
[White "Oscar1961"]
[Black "mavidart"]
[Result "0-1"]
[WhiteElo "1231"]
[BlackElo "1630"]

1. e3 e5 2. Qe2 g6 3. Nf3 e4 4. Nd4 c5 5. Nb3 d5 6. c4 d4 7. d3 a5 8. exd4 cxd4
9. Qxe4+ Qe7 10. Nxd4 Qxe4+ 11. dxe4 Bb4+ 12. Bd2 Ne7 13. Nb5 O-O 14. Nc7 Ra7
15. Nd5 Nxd5 16. cxd5 f5 17. Bxb4 axb4 18. Bc4 Re8 19. d6+ Be6 20. Bb3 Bxb3 21.
a3 Rxe4+ 22. Kd2 Rd4+ 23. Ke3 Re4+ 24. Kd2 b5 25. f3 Rd4+ 26. Ke3 Rxd6 27. Rc1
Re7+ 28. Kf2 Nc6 29. axb4 Nxb4 30. Kg3 Kf7 31. Rc3 Bc4 32. Na3 Nd5 33. f4 Nxc3
34. bxc3 Rd3+ 35. Kh4 Rxc3 36. Nb1 Rc1 37. g4 fxg4 38. Kxg4 Rg1+ 39. Kh4 h6 40.
f5 g5+ 41. Kh5 Bd3 42. Ra5 Rxb1 43. Kxh6 Bxf5 44. Kxg5 Bg6 0-1

[Event "E Aji"]
[Site "http://www.queenalice.com/game.php?id=1429154"]
[Date "2016.6.25"]
[Round "-"]
[White "mavidart"]
[Black "Oscar1961"]
[Result "1-0"]
[WhiteElo "1630"]
[BlackElo "1231"]

1. e4 g6 2. d4 a6 3. e5 e6 4. b3 Bb4+ 5. c3 Be7 6. b4 b5 7. Nd2 f5 8. Nb3 Nc6 9.
g3 a5 10. Bg2 d5 11. bxa5 Nxa5 12. Nxa5 Rxa5 13. a4 h5 14. Nf3 bxa4 15. Rxa4 c6
16. O-O c5 17. Ba3 cxd4 18. Nxd4 Bxa3 19. Nc6 Qb6 20. Nxa5 Ba6 21. Re1 Bc5 22.
Ra2 Bxf2+ 23. Rxf2 Qxa5 24. Qb1 Qxc3 25. Qb8+ Kf7 26. Qa7+ Kf8 27. Rb1 Ne7 28.
Rb8+ Nc8 29. Qxa6 Kg7 30. Qxe6 Qc1+ 31. Bf1 Rd8 32. Qf6+ Kh6 33. Qxd8 Na7 34.
Qh8+ Kg5 35. h4+ Kg4 36. Rb3 Qc5 37. Qg7 Qxf2+ 38. Kxf2 Nb5 39. Qxg6# 1-0

[Event "Challenge"]
[Site "http://www.queenalice.com/game.php?id=1439083"]
[Date "2016.9.2"]
[Round "-"]
[White "mavidart"]
[Black "Daniel1962"]
[Result "1-0"]
[WhiteElo "1630"]
[BlackElo "1728"]

1. e4 e6 2. g3 Bc5 3. Qf3 Nc6 4. Nh3 h6 5. c3 a6 6. d4 Be7 7. e5 d5 8. Bd3 b5 9.
b4 g5 10. g4 f6 11. Bg6+ Kd7 12. Bf7 a5 13. a4 axb4 14. cxb4 bxa4 15. b5 Nxd4
16. Qd3 Bc5 17. Bb2 Nb3 18. Ra2 Bb7 19. O-O d4 20. Nd2 fxe5 21. Qg6 Ne7 22.
Qxe6# 1-0

[Event "Challenge"]
[Site "http://www.queenalice.com/game.php?id=1443566"]
[Date "2016.9.30"]
[Round "-"]
[White "Oscar1961"]
[Black "mavidart"]
[Result "0-1"]
[WhiteElo "1231"]
[BlackElo "1650"]

1. e4 e5 2. Nf3 d6 3. Bc4 Nh6 4. O-O Bg4 5. Be2 d5 6. Nxe5 Bxe2 7. Qxe2 Qf6 8.
Nd3 Ba3 9. exd5+ Qe7 10. Re1 Qxe2 11. Rxe2+ Be7 12. b4 O-O 13. Rxe7 Nf5 14. Nc3
Nxe7 15. Ba3 Nf5 16. b5 Re8 17. d6 cxd6 18. g3 Nd4 19. Ne1 Re6 20. Rb1 Nd7 21.
Rb4 Rxe1+ 22. Kg2 Nxc2 23. Bb2 Nxb4 24. Na4 Nxa2 0-1

[Event "Challenge"]
[Site "http://www.queenalice.com/game.php?id=1446243"]
[Date "2016.10.18"]
[Round "-"]
[White "Oscar1961"]
[Black "mavidart"]
[Result "0-1"]
[WhiteElo "1227"]
[BlackElo "1611"]

1. d4 d5 2. b4 e6 3. c3 b5 4. e3 g6 5. Bxb5+ c6 6. Bd3 Ba6 7. Bxa6 Nxa6 8. a4
Rc8 9. b5 cxb5 10. Nf3 Rxc3 11. Nxc3 Bb4 12. Bb2 Qa5 13. O-O Bxc3 14. Bxc3 Qxc3
15. axb5 Nb4 16. Rxa7 Nc6 17. bxc6 Qxc6 18. Ra8+ Qxa8 19. Qb1 Ne7 20. Ne5 f6 21.
Qb5+ Kf8 22. Nd7+ Kf7 23. Rc1 Qa3 24. Rb1 Rc8 25. g3 h5 26. Nb6 Rc2 27. Re1 Qa2
28. e4 Rxf2 29. exd5 Rg2+ 30. Kh1 Rxh2+ 31. Kg1 Qg2# 0-1

[Event "Challenge"]
[Site "http://www.queenalice.com/game.php?id=1446244"]
[Date "2016.10.18"]
[Round "-"]
[White "Oscar1961"]
[Black "mavidart"]
[Result "0-1"]
[WhiteElo "1229"]
[BlackElo "1609"]

1. Nf3 d5 2. Nd4 e5 3. Nf3 e4 4. Ng1 f5 5. e3 h5 6. d4 b6 7. a4 Ba6 8. Bxa6 Nxa6
9. Nc3 Bb4 10. Nh3 Qd7 11. O-O O-O-O 12. Ne2 h4 13. c3 Be7 14. b4 Nf6 15. a5 b5
16. Ng5 Ng4 17. Nf7 Nxh2 18. Nxd8 Nxf1 19. Kxf1 Qxd8 20. Nf4 Bd6 21. Ne6 Qe7 22.
Nf4 Bxf4 23. exf4 h3 24. g4 h2 25. Qc2 h1=Q+ 26. Ke2 Qf3+ 27. Kd2 Qxf2+ 28. Kd1
Rh1# 0-1

[Event "Challenge"]
[Site "http://www.queenalice.com/game.php?id=1447853"]
[Date "2016.11.4"]
[Round "-"]
[White "mavidart"]
[Black "NetoJA"]
[Result "0-1"]
[WhiteElo "1628"]
[BlackElo "1558"]

1. e4 d6 2. d4 Nf6 3. Nc3 g6 4. f4 Bg7 5. e5 dxe5 6. fxe5 Nd5 7. Bb5+ c6 8. Bc4
b5 9. Bxd5 b4 10. Bxc6+ Nxc6 11. Nb5 Qa5 12. Nd6+ exd6 13. exd6 b3+ 14. Bd2 bxc2
15. Qxc2 Qd5 16. Nf3 Bxd4 17. Bc3 Bxc3+ 18. bxc3 Qxd6 19. Qe4+ Be6 20. O-O O-O
21. Rad1 Qc5+ 22. Rf2 Bxa2 23. g3 Qxc3 24. Rxa2 Qb3 25. Rc2 Nb4 26. Re2 Qxd1+
27. Ne1 a5 28. Rd2 Qxd2 0-1

[Event "Challenge"]
[Site "http://www.queenalice.com/game.php?id=1447854"]
[Date "2016.11.4"]
[Round "-"]
[White "NetoJA"]
[Black "mavidart"]
[Result "1-0"]
[WhiteElo "1449"]
[BlackElo "1652"]

1. e4 e5 2. Nf3 d6 3. d4 Bg4 4. Be2 Bxf3 5. Bxf3 Nc6 6. dxe5 Nxe5 7. O-O Qf6 8.
Nc3 Nc6 9. Nd5 Qd8 10. Bg5 f6 11. Bh4 g5 12. Bh5+ Kd7 13. Qg4+ f5 14. Qxf5# 1-0

[Event "Challenge"]
[Site "http://www.queenalice.com/game.php?id=1455604"]
[Date "2016.12.20"]
[Round "-"]
[White "mavidart"]
[Black "Oscar1961"]
[Result "0-1"]
[WhiteElo "1594"]
[BlackElo "1225"]

1. e4 e5 2. Bc4 Bc5 3. Qf3 Nf6 4. g4 g5 5. d3 h6 6. Nh3 Bb4+ 7. c3 Bc5 8. O-O d6
9. b4 Bxg4 10. Qg3 Qd7 11. Bd5 Be2 12. Re1 Bg4 13. Nxg5 Nxd5 14. Qh3 Bxh3 15.
Nxh3 Qxh3 16. Kh1 Bxf2 17. Nd2 Bxe1 18. exd5 Rg8 19. Nf3 Qxf3# 0-1

[Event "BugOut"]
[Site "http://www.queenalice.com/game.php?id=1457724"]
[Date "2017.1.3"]
[Round "-"]
[White "mavidart"]
[Black "Wigmont"]
[Result "0-1"]
[WhiteElo "1613"]
[BlackElo "1530"]

1. e4 e5 2. Nf3 d6 3. g3 Bg4 4. Be2 Nf6 5. Ng5 Bxe2 6. Qxe2 Qd7 7. Qh5 Nxh5 8.
O-O Nc6 9. c3 h6 10. Nf3 d5 11. d4 f6 0-1

[Event "False Flag"]
[Site "http://www.queenalice.com/game.php?id=1472450"]
[Date "2017.4.7"]
[Round "-"]
[White "Wigmont"]
[Black "mavidart"]
[Result "1-0"]
[WhiteElo "1629"]
[BlackElo "1564"]

1. e3 e5 2. a3 Nc6 3. Bc4 d5 4. Ba2 e4 5. Nc3 a6 6. Nge2 Bd6 7. b4 b5 8. Bb2 Qg5
9. g3 Qg4 10. Bxd5 Qf3 11. Bxe4 Qg4 12. Bxc6+ Bd7 13. Bxa8 c6 14. d4 Qf3 15. Rg1
Qg4 16. e4 1-0